Текст томруулах:    
The World Bank annual report (Бичлэгийн дугаар. 145326)
000 -УДИРДЛАГА
Удирдлага 01151 a2200373 4500
003 - ХЯНАЛТЫН ТОО ТОДОРХОЙЛОГЧ
Код MN-UlNUM
005 - БИЧИЛТ ХИЙСЭН ОГНОО
Тухайн бичилтийг бичсэн засварласан сүүлийн огноо 20251105154427.0
008 - ЕРӨНХИЙ МЭДЭЭЛЭЛ
Ерөнхий мэдээлэл 110605c19919999dcuar s i0 a0eng c
020 ## - ISBN
ISBN 0821318306
022 ## - ISSN
ISSN 0252-2942
040 ## - БИЧЛЭГ ҮҮСГЭГЧ БАЙГУУЛЛАГА
Бичлэг үүсгэгч номын сангийн код МУИС-ийн номын сан
084 ## - ББК АНГИЛАЛ
ББК ангилал 65.5
Зохиогчийн гурван тэмдэгт W 80
Нэмэлт тусгалт Нэг сэдэвт бүтээл
Мэдлэгийн ялгаа 65 - Эдийн засаг
110 2# - ЭРХЛЭН ГАРГАСАН /БАЙГУУЛЛАГА/
Эрхлэн гаргасан байгууллага World Bank
Subordinate unit issuing body
245 14 - ҮНДСЭН ГАРЧИГ
Номын нэр The World Bank annual report
246 1# - ЗЭРЭГЦЭЭ ГАРЧИГ
Зэрэгцээ гарчиг Year in review
Display text Issue for 1991 has subtitle
260 ## - ГАРАЛТЫН МЭДЭЭ
Хэвлэгдсэн газар Washington, D.C.
Хэвлэлийн газар The World bank
Хэвлэгдсэн он 1991
300 ## - МАТЕРИАЛЫН ТОДОРХОЙЛОЛТ
хуудасны тоо 238
Бусад тоон мэдээлэл illustrations
Хэмжээ 26 cm
500 ## - Тайлбар
Дансны дугаар БС 5657
546 ## - ХЭЛНИЙ ТУХАЙ МЭДЭЭ
Хэл Англи хэл дээр,
653 ## - Түлхүүр үг
Түлхүүр үг world bank loans
653 ## - Түлхүүр үг
Түлхүүр үг annual report
653 ## - Түлхүүр үг
Түлхүүр үг financial statements
653 ## - Түлхүүр үг
Түлхүүр үг world bank
653 ## - Түлхүүр үг
Түлхүүр үг financial risk management
740 ## - НОМЫН ГАРЧИГ
Гарчиг The executive board
740 ## - НОМЫН ГАРЧИГ
Гарчиг The economic scene: A global perspective
740 ## - НОМЫН ГАРЧИГ
Гарчиг The word bank-fiscal year 1991
740 ## - НОМЫН ГАРЧИГ
Гарчиг World bank finances
740 ## - НОМЫН ГАРЧИГ
Гарчиг Word bank activities, IFC, MIGA, and ICSID
740 ## - НОМЫН ГАРЧИГ
Гарчиг 1991 Regional perspectives
740 ## - НОМЫН ГАРЧИГ
Гарчиг Summaries of projects approved for IBRD and IDA assistance in fiscal 1991
942 ## - ЭЛЕМЕНТИЙН ТӨРӨЛ
Зүйлийн төрөл Ном